Nationwide packaging products, process, machinery and services : (Record no. 891769)

MARC details
000 -LEADER
fixed length control field 00936nam a2200301 a 4500
001 - CONTROL NUMBER
control field vtls001439078
003 - CONTROL NUMBER IDENTIFIER
control field NLI
005 - DATE AND TIME OF LATEST TRANSACTION
control field 20210627122022.0
008 - FIXED-LENGTH DATA ELEMENTS--GENERAL INFORMATION
fixed length control field 121130n ii n 000 0 eng
039 #9 - LEVEL OF BIBLIOGRAPHIC CONTROL AND CODING DETAIL [OBSOLETE]
-- 201211301646
-- VLOAD
040 ## - CATALOGING SOURCE
Original cataloging agency NLI
Language of cataloging eng
Transcribing agency Datasoft_GENG
Description conventions AACR2
041 0# - LANGUAGE CODE
Language code of text/sound track or separate title eng
044 ## - COUNTRY OF PUBLISHING/PRODUCING ENTITY CODE
MARC country code ii
082 04 - DEWEY DECIMAL CLASSIFICATION NUMBER
Classification number 381.45668497
245 00 - TITLE STATEMENT
Title Nationwide packaging products, process, machinery and services :
Remainder of title directory /
Statement of responsibility, etc. by Datatrak Publications
260 ## - PUBLICATION, DISTRIBUTION, ETC.
Place of publication, distribution, etc. Pune :
Name of publisher, distributor, etc. Datatrak Pub.,
Date of publication, distribution, etc. [n. d.]-
300 ## - PHYSICAL DESCRIPTION
Extent 1 v. (various pageings) ;
Dimensions 29 cm.
650 #0 - SUBJECT ADDED ENTRY--TOPICAL TERM
Topical term or geographic name entry element Package goods industry
9 (RLIN) 1003592
650 #0 - SUBJECT ADDED ENTRY--TOPICAL TERM
Topical term or geographic name entry element Plastics in packaging
9 (RLIN) 736023
650 #0 - SUBJECT ADDED ENTRY--TOPICAL TERM
Topical term or geographic name entry element Market surveys
9 (RLIN) 722069
710 2# - ADDED ENTRY--CORPORATE NAME
Corporate name or jurisdiction name as entry element Datatrak Publication
9 (RLIN) 1003593
887 ## - NON-MARC INFORMATION FIELD
Content of non-MARC field
901 ## - LOCAL DATA ELEMENT A, LDA (RLIN)
a DB62275
b 18.08.1992
902 ## - LOCAL DATA ELEMENT B, LDB (RLIN)
a E/O 381.45668497 N 213
904 ## - LOCAL DATA ELEMENT D, LDD (RLIN)
l 4897
949 ## - LOCAL PROCESSING INFORMATION (OCLC)
-- VIRTUAITEM
-- 10000
-- 100
6 DBA000062275ENG
942 ## - ADDED ENTRY ELEMENTS (KOHA)
Source of classification or shelving scheme Dewey Decimal Classification
Koha item type Books
Holdings
Withdrawn status Lost status Damaged status Not for loan Collection code Home library Current library Shelving location Date acquired Total Checkouts Full call number Barcode Date last seen Price effective from Koha item type
        New English Oversized National Library of India National Library of India New English Oversized - Main Stack Division     E/O 381.45668497 N 213 DBA000062275ENG 27/06/2021 27/06/2021 Books
                                                                           
web counter

Copyright ©2020 The National Library of India, Govt. of India ↔ Hosted by NVLI, MOC ↔ Technology and Design by National Library of India, Ministry of Culture, Govt. of India